Small 'Big' Countries Quiz Stats

 Plays Quiz Updated Aug 3, 2017

Support Sporcle.
Go Orange.
Score 0/15 Timer 02:00
1 Play Today
% Correct
Iceland
71.1%
Ireland
67.1%
Iraq
58.5%
Barbados
57%
Brunei
56.7%
Bahamas
56.7%
Grenada
56.4%
Israel
54.1%
% Correct
Italy
53.8%
Belize
53.4%
Guinea-Bissau
51.7%
Bahrain
49.5%
Guatemala
46.8%
The Gambia
46.1%
Georgia
39.6%

You're not logged in!

Compare scores with friends on all Sporcle quizzes.
OR
Log In
Forgot?

From the Vault

'Tiny Dancer' Lyrics

by misilva

No regular sized dancers here.
Remove Ads.
Support Sporcle.
Get the best of Sporcle when you Go Orange. This ad-free experience offers more features, more stats, and more fun while also helping to support Sporcle. Thank you for becoming a member.

Show Comments

Extras

Top Quizzes Today


Score Distribution

Your Account Isn't Verified!

In order to create a playlist on Sporcle, you need to verify the email address you used during registration. Go to your Sporcle Settings to finish the process.

Report this User

Report this user for behavior that violates our Community Guidelines.

Details: